Central Library, Doon University
WEBOPAC (ONLINE PUBLIC ACCESS CATALOGUE)

Principles of Management (Record no. 60382)

MARC details
000 -LEADER
fixed length control field 00475nam a22001937a 4500
005 - DATE & TIME
control field 20260218150031.0
008 - FIXED-LENGTH DATA ELEMENTS--GENERAL INFORMATION
fixed length control field 260218b |||||||| |||| 00| 0 eng d
020 ## - ISBN
International Standard Book Number 9789353502263
Price 455.00
040 ## - CATALOGING SOURCE
Original cataloging agency Doon University
041 ## - Language
Language English
082 ## - DDC NUMBER
Classification number 658
Book Number GAN
100 ## - MAIN ENTRY--PERSONAL NAME
Personal name Ganguly, Atreyee
245 ## - TITLE STATEMENT
Title Principles of Management
260 ## - PUBLICATION, DISTRIBUTION, ETC. (IMPRINT)
Place of publication, distribution, etc Australia
Name of publisher, distributor, etc Cengage
Date of publication, distribution, etc 2025
300 ## - PHYSICAL DESCRIPTION
Pages 144
650 ## - Subject
Subject Management
700 ## - Added Entry Personal Name
Added Entry Personal Name Bhadury, Joyeta
942 ## - ADDED ENTRY ELEMENTS (KOHA)
Koha item type Books
100 ## - MAIN ENTRY--PERSONAL NAME
-- 26327
700 ## - Added Entry Personal Name
-- 26328
952 ## - LOCATION AND ITEM INFORMATION (KOHA)
-- 2026-02-18
952 ## - LOCATION AND ITEM INFORMATION (KOHA)
-- 2026-02-18
952 ## - LOCATION AND ITEM INFORMATION (KOHA)
-- 2026-02-18
952 ## - LOCATION AND ITEM INFORMATION (KOHA)
-- 2026-03-06
952 ## - LOCATION AND ITEM INFORMATION (KOHA)
-- 2026-03-06
952 ## - LOCATION AND ITEM INFORMATION (KOHA)
-- 2026-03-06
Holdings
Withdrawn status Lost status Source of classification or shelving scheme Damaged status Not for loan Location (home branch) Sublocation or collection (holding branch) Date acquired Koha issues (times borrowed) Koha full call number Accession No. Koha date last seen Koha item type
          Doon University Doon University 18.02.2026   658 GAN 52827 18.02.2026 Books
          Doon University Doon University 18.02.2026   658 GAN 52828 18.02.2026 Books
          Doon University Doon University 18.02.2026   658 GAN 52829 18.02.2026 Books
        Not For Loan Doon University Doon University 06.03.2026   658 GAN 53323 06.03.2026 Reference
          Doon University Doon University 06.03.2026   658 GAN 53324 06.03.2026 Books
          Doon University Doon University 06.03.2026   658 GAN 53325 06.03.2026 Books
Contact : +91-135-2533126 (Library),+91-135-2533105 (Admin Office) , Email : doonlibrary@gmail.com

Powered by Koha